Schnelle Mathematik - Addition Level 21 - Statistiken

Allgemein
  • Dieses Quiz wurde 95 mal gespielt
    59 seit der letzten Aktualisierung
  • Das Durchschnittsergebnis liegt bei 13 aus 15
Antwortstatistiken
n fₙ % Korrekt
1 1
100%
2 1
100%
3 2
100%
7 13
92%
12 144
92%
8 21
92%
4 3
92%
9 34
92%
5 5
92%
10 55
92%
6 8
92%
11 89
92%
13 233
50%
14 377
42%
15 610
33%
Keine übereinstimmenden Quizze gefunden
Verteilung der Resultate
Anzahl Personen mit jedem Resultat
Perzentil nach korrekt beantworteten Fragen
Ihre Resultats-Entwicklung
Sie haben dieses Quiz seit der letzten Aktualisierung nicht gespielt